[Event "Dublin Malahide Millennium op"]
[Site "Dublin"]
[Date "2025.05.03"]
[Round "1"]
[White "Atanasov, Margarit"]
[Black "Mohammad, Mahbub Parouare"]
[Result "1-0"]
[WhiteElo "1999"]
[BlackElo "1934"]
[PlyCount "73"]
[EventDate "2025.05.03"]
[EventType "swiss"]
[EventRounds "6"]
[EventCountry "IRL"]
[SourceTitle "CB20_2025"]
[SourceDate "2025.05.14"]
[SourceVersion "1"]
[SourceVersionDate "2025.05.14"]
[SourceQuality "1"]

1. Nf3 Nf6 2. c4 e6 3. g3 d5 4. Bg2 c6 5. d4 Bb4+ 6. Bd2 Be7 7. Nc3 Nbd7 8. Qc2 dxc4 9. e4 b5 10. 0-0 Bb7 11. Rad1 a6 12. Rfe1 h6 13. Qc1 g5 14. h4 gxh4 15. Nxh4 Ng4 16. Nf3 Qb6 17. Bh3 h5 18. Bg5 f6 19. Be3 0-0-0 20. b3 cxb3 21. axb3 Kb8 22. Re2 c5 23. d5 exd5 24. Nxd5 Bxd5 25. Rxd5 Nxe3 26. Qxe3 Ne5 27. Nxe5 fxe5 28. Rxe5 Bf6 29. Re6 Rd6 30. Qf4 Rhd8 31. Rxf6 c4 32. Rd2 Kc7 33. bxc4 bxc4 34. Qe5 a5 35. Rb2 Qa7 36. Rf7+ Kc6 37. Rf6 1-0

[Event "IRL-ch 103rd"]
[Site "Dublin"]
[Date "2024.08.10"]
[Round "8"]
[White "Stokes, Stephen"]
[Black "Mohammad, Mahbub Parouare"]
[Result "0-1"]
[WhiteElo "1852"]
[BlackElo "1891"]
[PlyCount "112"]
[EventDate "2024.08.03"]
[EventType "swiss"]
[EventRounds "9"]
[EventCountry "IRL"]
[SourceTitle "CBM 221 Extra"]
[Source "ChessBase"]
[SourceDate "2024.09.30"]
[SourceVersion "1"]
[SourceVersionDate "2024.09.30"]
[SourceQuality "1"]

1. c4 c6 2. Nf3 Nf6 3. g3 d5 4. d4 Bf5 5. Bg2 e6 6. 0-0 Be7 7. Re1 0-0 8. Nh4 Be4 9. f3 Bg6 10. Nxg6 hxg6 11. e4 dxc4 12. Be3 Nbd7 13. Qc2 b5 14. a4 a6 15. Rd1 Qc7 16. Nc3 Rfd8 17. Kf2 e5 18. axb5 exd4 19. Bxd4 cxb5 20. Kg1 Bc5 21. Qf2 Bxd4 22. Rxd4 Ne5 23. Nd5 Nxd5 24. Rxd5 Rxd5 25. exd5 Nd3 26. Qd4 Qc5 27. Qxc5 Nxc5 28. f4 Rd8 29. Kf1 Rd6 30. Ke2 Kf8 31. Ke3 Ke7 32. Re1 Nb3 33. Re2 a5 34. g4 Ra6 35. h4 a4 36. Ke4 b4 37. Rc2 a3 38. bxa3 bxa3 39. Ra2 Nc1 40. Rc2 a2 41. Rxc1 a1Q 42. Rxa1 Rxa1 43. Kd4 Rc1 44. Be4 Kd6 45. f5 gxf5 46. Bxf5 Rd1+ 47. Kxc4 Rxd5 48. Be4 Rd2 49. h5 Ke5 50. Bf5 Kf4 51. Kc5 Kg5 52. Kc4 Rg2 53. h6 gxh6 54. Kd5 Rxg4 55. Bxg4 Kxg4 56. Ke5 f5 0-1

[Event "IRL-ch 103rd"]
[Site "Dublin"]
[Date "2024.08.03"]
[Round "1"]
[White "Mohammad, Mahbub Parouare"]
[Black "Keenan, Cathal"]
[Result "0-1"]
[WhiteElo "1891"]
[BlackElo "2075"]
[PlyCount "98"]
[EventDate "2024.08.03"]
[EventType "swiss"]
[EventRounds "9"]
[EventCountry "IRL"]
[SourceTitle "CBM 221 Extra"]
[Source "ChessBase"]
[SourceDate "2024.09.30"]
[SourceVersion "1"]
[SourceVersionDate "2024.09.30"]
[SourceQuality "1"]

1. d4 Nf6 2. Nf3 d5 3. g3 e6 4. Bg2 Be7 5. 0-0 0-0 6. Bf4 b5 7. Ne5 c5 8. a4 b4 9. c4 bxc3 10. bxc3 Qb6 11. Nd2 cxd4 12. Ndc4 Qa6 13. cxd4 Nh5 14. Nd2 Nxf4 15. gxf4 f6 16. Nd3 Nc6 17. Nc5 Bxc5 18. dxc5 Rb8 19. Re1 Bd7 20. f5 Rfd8 21. e3 Rb4 22. Qc2 Ne5 23. a5 Rdb8 24. Ra2 Qc6 25. fxe6 Bxe6 26. Rc1 Rg4 27. Kh1 Rh4 28. Rb2 Rxb2 29. Qxb2 Qc7 30. f4 Nd3 31. Qc3 Nxc1 32. Qxc1 Qxa5 33. Nf3 Rh5 34. Nd4 Bc8 35. Bf3 Rh6 36. Bxd5+ Kf8 37. Bf3 f5 38. Nc6 Qa2 39. Qg1 Bb7 40. Ne5 Bxf3+ 41. Nxf3 Qd5 42. Qf2 Ra6 43. Qf1 Ra2 44. h4 Qxc5 45. Qb1 Qd5 46. Qb8+ Kf7 47. Qc7+ Kg6 48. h5+ Kh6 49. e4 Qd1+ 0-1